000 00472cam6a220016900 4500
005 20190819095931.0
008 031205
020 _a2880440122
035 _a(Sirsi) a146254
050 0 _aHV 650 BOI 1985
100 1 _aBoissier, Pierre
_6A116861.2
245 1 0 _aFrom solferino to Tsushima /
_cPierre Boissier.
260 _aGeneva:
_bHenry Dunant Intitute,
_c1985.
350 _a25
300 _a391p.
650 0 _aRed cross -- History
999 _c100081
_d100082